[Event "Eurasia Cup op"]
[Site "Ekaterinburg"]
[Date "2019.07.31"]
[Round "1"]
[White "Sargsyan, Alina"]
[Black "Sabaev, Sergey Valentinovic"]
[Result "1-0"]
[WhiteElo "1298"]
[BlackElo "2150"]
[PlyCount "56"]
[EventDate "2019.07.31"]
[EventType "swiss"]
[EventRounds "9"]
[EventCountry "RUS"]
[SourceTitle "CBM 191 Extra"]
[Source "ChessBase"]
[SourceDate "2019.09.30"]
[SourceVersion "1"]
[SourceVersionDate "2019.09.30"]
[SourceQuality "1"]

1. d4 f5 2. c4 Nf6 3. Nf3 g6 4. Nc3 Bg7 5. Bg5 d6 6. Qc1 h6 7. Bxf6 exf6 8. e3 Be6 9. Bd3 Bf7 10. Qc2 Nc6 11. 0-0-0 Qd7 12. a3 0-0-0 13. Nh4 Ne7 14. c5 Kb8 15. Bb5 c6 16. cxd6 Qxd6 17. Ba4 Qe6 18. Nf3 Rc8 19. Nd2 Nd5 20. Bb3 Qd7 21. Kb1 h5 22. e4 fxe4 23. Ndxe4 Rhd8 24. Nc5 Qg4 25. Bxd5 cxd5 26. Qb3 b6 27. N5a4 Rd6 28. Rc1 Ka8 1-0

[Event "RUS-ch Eurasia Cup op"]
[Site "Ekaterinburg"]
[Date "2018.08.01"]
[Round "1"]
[White "Sabaev, Sergey Valentinovic"]
[Black "Kopylov, Artem"]
[Result "1/2-1/2"]
[WhiteElo "2240"]
[BlackElo "1716"]
[PlyCount "57"]
[EventDate "2018.08.01"]
[EventType "swiss"]
[EventRounds "9"]
[EventCountry "RUS"]
[SourceTitle "CBM 185 Extra"]
[Source "ChessBase"]
[SourceDate "2018.07.29"]
[SourceVersion "1"]
[SourceVersionDate "2018.07.29"]
[SourceQuality "1"]

1. d4 Nf6 2. c4 c5 3. d5 b5 4. Qc2 bxc4 5. e4 Ba6 6. Nf3 g6 7. Bd2 c3 8. Bxc3 Bxf1 9. Kxf1 Bg7 10. Bxf6 Bxf6 11. e5 Bg7 12. Qxc5 Na6 13. Qb5 Qc8 14. Nc3 Rb8 15. Qe2 Qb7 16. Rb1 d6 17. g3 dxe5 18. Nxe5 Nb4 19. Rd1 0-0 20. f3 e6 21. Kg2 Nxd5 22. Na4 Rfc8 23. Rc1 Qb4 24. b3 Bxe5 25. Qxe5 Qd2+ 26. Kh3 Qh6+ 27. Kg2 Qd2+ 28. Kh3 Qh6+ 29. Kg2 1/2-1/2